Vplyv inovatívnych marketingových koncepcií na správanie vybraných trhových subjektov na Slovensku zborník vedeckých prác z projektu VEGA 1/0802/16
Saved in:
| Corporate Author: | |
|---|---|
| Other Authors: | |
| Format: | Book |
| Language: | Slovak |
| Published: |
Banská Bystrica
BELIANUM
2017
|
| Edition: | 1. vydanie |
| Subjects: | |
| Tags: |
No Tags, Be the first to tag this record!
|
MARC
| LEADER | 00000nlm a2200000 4500 | ||
|---|---|---|---|
| 001 | 0242400 | ||
| 005 | 20250822114403.0 | ||
| 020 | |a 978-80-557-1346-5 | ||
| 041 | 0 | |a slo | |
| 044 | |a SK | ||
| 245 | 1 | 0 | |a Vplyv inovatívnych marketingových koncepcií na správanie vybraných trhových subjektov na Slovensku |b zborník vedeckých prác z projektu VEGA 1/0802/16 |c editor: Zdenka Musová |
| 250 | |a 1. vydanie | ||
| 264 | 1 | |a Banská Bystrica |b BELIANUM |c 2017 | |
| 300 | |a CD-ROM 218 s. | ||
| 610 | 2 | 0 | |a marketing |
| 610 | 2 | 0 | |a trh |
| 610 | 2 | 0 | |a stratégia marketingová |
| 610 | 2 | 0 | |a spotrebitelia |
| 610 | 2 | 0 | |a Slovensko |
| 700 | 1 | |a Musová, Zdenka | |
| 710 | 2 | |a Univerzita Mateja Bela v Banskej Bystrici. Ekonomická fakulta | |